Laufey - Tough Luck (CLEAN) lyrics - Statistics

General Stats
  • This quiz has been taken 16 times
  • The average score is 251 of 277
Answer Stats
Answer % Correct
a
100%
actress
100%
and
100%
be
100%
before
100%
boy,
100%
break
100%
cheat
100%
did
100%
Does
100%
even
100%
first,
100%
glad
100%
Go
100%
go
100%
I
100%
I'll
100%
I'm
100%
is
100%
it
100%
I've
100%
just
100%
Just
100%
know
100%
know?
100%
lie
100%
like
100%
luck,
100%
luck
100%
me
100%
missed,
100%
my
100%
My
100%
Oops,
100%
see
100%
she
100%
The
100%
the
100%
time
100%
to
100%
Tough
100%
tough,
100%
tough
100%
Tough,
100%
up
100%
won't
100%
you
100%
You
100%
Your
100%
your
100%
Are
93%
are
93%
black
93%
But
93%
can
93%
can't
93%
cat
93%
doesn't
93%
enough
93%
eyes
93%
fine
93%
had
93%
mind
93%
of
93%
Of
93%
read
93%
reading
93%
said
93%
silent
93%
so
93%
tell
93%
that
93%
That
93%
think
93%
'til
93%
tired?
93%
tired
93%
waiting
93%
you're
93%
beg
87%
gray,
87%
misunderstood
87%
Neighborhood
87%
When
87%
I'd
80%
turn
80%
at
73%
ego
73%
feed
73%
football
73%
frail
73%
secrets
73%
spilling
73%
understand
73%
we're
73%
For
67%
make
67%
man
67%
Man
67%
never
67%
opposing
67%
should
67%
Since
67%
teams
67%
things
67%
TV
67%
as
60%
Cussing
60%
dumb
60%
music
60%
nearly
60%
not
60%
screaming
60%
tattoos
60%
accent
53%
congratulate
53%
convincing
53%
demoralized,
53%
out
53%
thee
53%
truth
53%
hun
47%
nobody
47%
quite
47%
seem
47%
smart
47%
tragic,
47%
effaced
40%
loud-mouthed
33%
no better,
33%
proof
33%
says
33%
that's
27%
suck
20%
mothеr
0%
No matching quizzes found
Score Distribution
Percent of People with Each Score
Percentile by Number Answered
Your Score History
You have not taken this quiz